000 00582nam a2200229Ia 4500
003 OSt
005 20221005115946.0
006 a|||||r|||| 00| 0
007 ta
008 221004b |||||||| |||| 00| 0 eng d
024 _a56503
037 _cTextual
040 _aCRL
_cCRL
_beng
041 _2eng
_aeng
082 _aS:2, C7
100 _aMach Ernst
_95228
245 0 _aContributions to the analysis of the sensations. Tr by C M Williams
260 _c1897
650 _aPSYCHOLOGY
942 _hS:2, C7
_cTEXL
_2cc
999 _c1036396
_d1036396